| 000 | 00764cam a22002411 4500 | ||
|---|---|---|---|
| 999 |
_c6240 _d6240 |
||
| 001 | 8347907 | ||
| 003 | GBCCL | ||
| 005 | 20241126110559.0 | ||
| 008 | 741002s1947 enk 000 0 eng | ||
| 035 | _a(OCoLC)1028164 | ||
| 040 |
_aDLC _cMSohG _dOCoLC _dDLC |
||
| 042 | _apremarc | ||
| 050 | 0 | 0 |
_aBX5056 _b.W5 |
| 082 |
_a270.8 _bWIL |
||
| 100 | 1 |
_aWilliams, A. T. P. _q(Alwyn Terrell Petre), _d1888-1968. _911193 |
|
| 245 | 1 | 4 |
_aThe Anglican tradition in the life of England / _cATP Williams |
| 260 |
_aLondon: _bSCM Press, _c1947 |
||
| 300 |
_a128 p. _c19 cm. |
||
| 504 | _a"A short list of books" (p.[125]-126) | ||
| 651 | 0 |
_aGreat Britain _xChurch history _yModern period, 1485- _911194 |
|
| 906 |
_a7 _bcbc _coclcrpl _du _encip _f19 _gy-gencatlg |
||
| 942 |
_2ddc _cBK _02 |
||